Movilidad y desarrollo translocal en la Nicaragua (semi-)rural /

Este artículo pretende contribuir al debate sobre los vínculos entre la movilidad y el desarrollo, explorando el concepto de desarrollo translocal. Basado en trabajo de campo en los municipios de Matiguás y Muy Muy, éste analiza cómo la movilidad da forma a las estrategias de vida de los hogares (se...

Popoln opis

Shranjeno v:
Bibliografske podrobnosti
Glavni avtor: Steel, Griet
Drugi avtorji: Winters, Nanneke, Sosa, Carlos
Format: Texto
Teme:
Oznake: Označite
Brez oznak, prvi označite!

MARC

LEADER 00000 a a2200000 04500
001 46068
003
040
100 |a Steel, Griet  
245 |a Movilidad y desarrollo translocal en la Nicaragua (semi-)rural /  |c Griet Steel, Nanneke Winters, Carlos Sosa  
520 |a Este artículo pretende contribuir al debate sobre los vínculos entre la movilidad y el desarrollo, explorando el concepto de desarrollo translocal. Basado en trabajo de campo en los municipios de Matiguás y Muy Muy, éste analiza cómo la movilidad da forma a las estrategias de vida de los hogares (semi-)rurales en Nicaragua, y explora cómo los diferentes miembros de un hogar utilizan la movilidad física como una estrategia de vida. Argumenta que los habitantes de áreas (semi-)rurales consideran distintos tipos de movimientos como estrategias importantes para establecer enlaces entre personas y lugares, y para alcanzar un mejor bienestar en su comunidad natal. Al mismo tiempo muestra cómo la movilidad se forma en una arena de poder, lo que afecta su potencial. De esta manera, este artículo contribuye a un entendimiento dinámico y multidimensional de cómo los procesos de desarrollo dan forma a - y son formados por - la movilidad y la interconectividad.  
590 |a AMB/DICIEMBRE2014  
650 |a A. DESARROLLO  
650 |a B. MOVILIDAD SOCIAL  
650 |a C. ZONAS RURALES  
650 |a D. NICARAGUA  
700 |a Winters, Nanneke  
700 |a Sosa, Carlos  
773 |g volumen44, número92 ( , 2012), páginas 53-72 : ilustración, mapa  
999 |c 30944  |d 30944